| 000 | 00892nam a22002775a 4500 | ||
|---|---|---|---|
| 005 | 20150817111020.0 | ||
| 008 | 100922t2000 -usa|||fr|||| 001 0 eng d | ||
| 010 | _a00038016 | ||
| 020 | _a0070473773 | ||
| 020 | _a9780070473775 | ||
| 040 |
_aEG-ScBUE _beng _cEG-ScBUE |
||
| 082 | 0 | 4 |
_a005.133 _bHUB _222 |
| 100 | 1 |
_aHubbard, John R. _918091 |
|
| 245 | 1 | 0 |
_aSchaum’s outline of theory and problems of programming with C++ / _cJohn R. Hubbard |
| 246 | _aProgramming with C++ | ||
| 250 | _a2nd ed. | ||
| 260 |
_aNew Delhi : _bTata McGraw Hill Publishing, _cc.2000. |
||
| 300 |
_aix, 422 p. : _bill. ; _c29 cm. |
||
| 490 | _aSchaum's outline series | ||
| 500 | _aIndex : p. 409-422. | ||
| 504 | _aBibliography : p. 405-408. | ||
| 650 |
_aC++ (Computer program language) _919704 _2BUEsh |
||
| 651 | _2BUEsh | ||
| 653 |
_bCOMSCI _cAugust2015 |
||
| 942 |
_cBB _k005.133 HUB _2ddc |
||
| 999 |
_c502 _d502 |
||